Cơ cấu và chiến lược phát triển kinh tế
Spremljeno u:
| Glavni autor: | |
|---|---|
| Format: | Knjiga |
| Jezik: | Undetermined |
| Izdano: |
Hà Nội
Viện Nghiên cứu quản lí kinh tế Trung ương
1980
|
| Teme: | |
| Oznake: |
Dodaj oznaku
Bez oznaka, Budi prvi tko označuje ovaj zapis!
|
| Thư viện lưu trữ: | Trung tâm Học liệu Trường Đại học Cần Thơ |
|---|
| LEADER | 00579nam a2200181Ia 4500 | ||
|---|---|---|---|
| 001 | CTU_5889 | ||
| 008 | 210402s9999 xx 000 0 und d | ||
| 082 | |a 339 | ||
| 082 | |b G858 | ||
| 100 | |a Gerad Grilet | ||
| 245 | 0 | |a Cơ cấu và chiến lược phát triển kinh tế | |
| 245 | 0 | |c Gerad Grilet | |
| 260 | |a Hà Nội | ||
| 260 | |b Viện Nghiên cứu quản lí kinh tế Trung ương | ||
| 260 | |c 1980 | ||
| 650 | |a macroeconomics | ||
| 904 | |i Nguyễn Quang Điền, 960806 | ||
| 980 | |a Trung tâm Học liệu Trường Đại học Cần Thơ | ||